|
|
|
|
| LEADER |
01321nam a2200349 4500 |
| 001 |
ocm21107211 |
| 003 |
OCoLC |
| 005 |
20180501121907.0 |
| 008 |
900222s1989 ne b 001 0 eng d |
| 040 |
|
|
|a ESU
|b eng
|c ESU
|d WQM
|d BAKER
|d OCLCQ
|d OCLCG
|d BDX
|d OCLCQ
|d OCLCF
|d OCLCQ
|d OCLCO
|d OCLCQ
|d GrThAP
|
| 020 |
|
|
|a 0444810919
|
| 020 |
|
|
|a 9780444810915
|
| 035 |
|
|
|a (OCoLC)21107211
|
| 060 |
|
4 |
|a QV 38 S568 1989
|
| 082 |
0 |
4 |
|a 615.7042
|b SID
|
| 049 |
|
|
|a TEFA
|
| 245 |
0 |
0 |
|a Side effects of drugs annual 13 :
|b a worldwide yearly survey of new data and trends /
|c editors, M.N.G. Dukes, L. Beeley.
|
| 260 |
|
|
|a Amsterdam ;
|a New York :
|b Elsevier,
|c 1989.
|
| 300 |
|
|
|a xxx, 532 pages ;
|c 25 cm
|
| 336 |
|
|
|a text
|b txt
|2 rdacontent
|
| 337 |
|
|
|a unmediated
|b n
|2 rdamedia
|
| 338 |
|
|
|a volume
|b nc
|2 rdacarrier
|
| 504 |
|
|
|a Includes bibliographical references and indexes.
|
| 650 |
|
0 |
|a Drugs
|v Periodicals.
|
| 650 |
|
0 |
|a Drugs
|x Side effects.
|
| 650 |
|
2 |
|a Drug Therapy
|x adverse effects.
|
| 650 |
|
7 |
|a Drugs.
|2 fast
|0 (OCoLC)fst00898761
|
| 650 |
|
7 |
|a Drugs
|x Side effects.
|2 fast
|0 (OCoLC)fst00898912
|
| 655 |
|
7 |
|a Periodicals.
|2 fast
|0 (OCoLC)fst01411641
|
| 700 |
1 |
|
|a Dukes, M. N. G.
|q (Maurice Nelson Graham)
|
| 700 |
1 |
|
|a Beeley, Linda.
|
| 856 |
4 |
0 |
|u https://www.sciencedirect.com/science/bookseries/03786080/13
|z Full Text via HEAL-Link
|